El "Antijovio" de Gonzalo Jiménez de Quesada y las concepciones de realidad y verdad en la época de la Contrarreforma y del Manierismo / (Record no. 65047)

MARC details
000 -LEADER
campo de control de longitud fija 00783nam a2200205 i 4500
001 - NÚMERO DE CONTROL
campo de control 65047
003 - IDENTIFICADOR DE NÚMERO DE CONTROL
campo de control ES-MaACL
005 - FECHA Y HORA DE LA ÚLTIMA TRANSACCIÓN
campo de control 20251009181318.0
007 - CAMPO FIJO DE DESCRIPCIÓN FÍSICA--INFORMACIÓN GENERAL
campo de control de longitud fija t|
008 - DATOS DE LONGITUD FIJA--INFORMACIÓN GENERAL
campo de control de longitud fija 040108s1963 sp ||||1| spa d
100 1# - ENTRADA PRINCIPAL--NOMBRE DE PERSONA
Nombre de persona Frankl, Viktor Emil.
9 (RLIN) 52333
245 13 - MENCIÓN DEL TÍTULO
Título El "Antijovio" de Gonzalo Jiménez de Quesada y las concepciones de realidad y verdad en la época de la Contrarreforma y del Manierismo /
Mención de responsabilidad, etc. Viktor Frankl ; prólogo del profesor José Antonio Maravall.
260 ## - PUBLICACIÓN, DISTRIBUCIÓN, ETC.
Lugar de publicación, distribución, etc. Madrid :
Nombre del editor, distribuidor, etc. Cultura Hispánica,
Fecha de publicación, distribución, etc. 1963.
300 ## - DESCRIPCIÓN FÍSICA
Extensión 768 p. ;
Dimensiones 25 cm.
600 14 - PUNTO DE ACCESO ADICIONAL DE MATERIA--NOMBRE DE PERSONA
Nombre de persona Jiménez de Quesada, Gonzalo.
9 (RLIN) 152425
651 #4 - PUNTO DE ACCESO ADICIONAL DE MATERIA--NOMBRE GEOGRÁFICO
Nombre geográfico España-
Subdivisión general Civilización-
Subdivisión cronológica 1516-1700.
9 (RLIN) 160761
700 1# - ENTRADA AGREGADA--NOMBRE PERSONAL
Nombre de persona Maravall, José Antonio,
Fechas asociadas al nombre 1911-1986
9 (RLIN) 76329
852 ## - LOCALIZACIÓN
Ubicación ES-MaACL
Número de control de estantería C-25930
Holdings
Estatus retirado Estado de pérdida Estado de daño No para préstamo Biblioteca de origen Biblioteca actual Ubicación en estantería Fecha de adquisición Fuente de adquisición Total de préstamos Signatura topográfica completa Código de barras Visto por última vez Precio de reemplazo Tipo de ítem Koha
        Biblioteca del Ateneo de Madrid Biblioteca del Ateneo de Madrid Depósito 2 17/01/2008     C-25930 1068152 23/02/2023 23/02/2023 Libro impreso